000 00188nam a2200085Ia 4500
008 120527s9999 xx 000 0 und d
100 _aDAVIS, K.
245 _aEmbodied Practices
942 _cBK
999 _c25703
_d25703